La metafísica de Pascal

Saved in:
Bibliografiske detaljer
Hovedforfatter: Morot-Sir, Edouard (autor)
Format: Bog
Sprog:spansk
Udgivet: Buenos Aires El Ateneo 1976
Serier:Biblioteca de Filosofía
Fag:
Tags: Tilføj Tag
Ingen Tags, Vær først til at tagge denne postø!

MARC

LEADER 00000nam a2200000 a 4500
001 UCZ3577
003 CL-VaPUC
005 20230320112552.0
008 951027e19760000AG |||||||||||||||||spa|d
999 |c 240036  |d 240034 
040 |c Pontificia Universidad Católica de Valparaíso 
082 0 4 |a 194  |b MOR  |2 21 
100 |a Morot-Sir, Edouard  |e autor  |9 347374 
245 1 3 |a La metafísica de Pascal 
260 |a Buenos Aires  |b El Ateneo   |c 1976 
300 |a 129 p 
490 0 |a Biblioteca de Filosofía 
583 |a last modification  |c 19951027 00:00:00  |k Rodrigo Vera 
600 0 |a Pascal, Blaise   |q (Pascal, Blas)  |d 1623-1662  |x Crítica e interpretación   |9 880808 
650 0 |a Filosofía   |9 223554 
650 0 |a Metafísica  |9 265649 
650 0 |a Religión   |9 255164 
650 0 |a Ideologías  |9 255200 
942 |c BK  |2 ddc 
945 |d 19951027 00:00:00  |a rleighto 
952 |0 0  |1 0  |4 0  |6 194_000000000000000_MOR_1976  |7 0  |8 P  |9 251625  |a BIBEDU  |b BIBEDU  |c BIBEDU_PB  |d 2019-11-18  |i 3131467  |o 194 MOR 1976  |p 3131467  |r 2024-01-25  |w 2019-11-18  |y BK  |k FIL